Rozpoznaj piosenki po fragmencie tekstu! cz.2 - Statystyki

Ogólne statystyki
  • Ten quiz został rozwiązany 429 razy
  • Średni wynik to 14 z 58
Statystyki odpowiedzi
NR Fragment piosenki Wykonawca/Zespół % Poprawnych
13.2 Tytuł piosenki Mniej niż zero
82%
16.2 Tytuł piosenki Agnieszka
78%
13.1 Oooo, oooo, oooo oooo Myślisz może, że więcej coś znaczysz Bo masz rozum, dwie ręce i chęć Twoje miejsce na Ziemi tłumaczy Zaliczona matura na pięć Są tacy - to nie żart, dla których jesteś wart Lady Pank
75%
6.2 Tytuł piosenki Cykady na cykladach
68%
16.1 Rozczarował się, bo takie są zawody miłosne Cierpiał całą jesień, zimę, no i wiosnę A gdy przeszło mu zupełnie pojechał na wakacje W tamto miejsce, by zobaczyć tę pamiętną ubikację Tak się stało, że przypadkiem ona też tam była Ucieszyła się ogromnie, gdy go tylko zobaczyła Zapytała się, czy w sercu jego jest jeszcze Agnieszka Odpowiedział jednym zdaniem "Moje ślicznie ty kochanie" Łzy
66%
6.1 Przez bardzo, bardzo krótką chwilę, Dookoła widzę rój motyli. Stopy mam takie gorące, Gorące w ustach słońce. Jem słodkie, słodkie winogrona, Ty śpisz w moich, moich ramionach. Morze i niebo ostro lśni, Dobrze mi, ach jak dobrze mi. Maanam
63%
5.2 Tytuł piosenki Jaskółka
46%
12.2 Tytuł piosenki Jedwab
46%
14.2 Tytuł piosenki Windą do nieba
42%
23.1 A gdy przyjdzie mój czas, gdy pokryje mnie rdza, Musisz wierzyć, że znów, pobiegniemy nad staw. Czekaj na jakiś znak, bądź cierpliwa jak papier, Ja wybłagam wśród chmur, bym tu czasem mógł wpaść. Perfect
39%
12.1 Ofiaruję mojej dziewczynie Z kwiatów Holandii utkany Szlafrok, w którym utonie Całkiem niezły posiłek, jaki Konsumuje lubieżnie co wieczór W ciepłych dekoracjach pokoju Przy świecach i przy koniaku A nad sobą mam jej loki Róże Europy
37%
14.1 Mój piękny Panie, ja go nie kocham – taka jest prawda. Pan główną rolę gra w każdym śnie, Ale dziewczyna przez świat nie może iść całkiem sama. Życie jest życiem, Pan przecież wie… Dwa Plus Jeden
34%
5.1 Jaskółka siostra burzy, żałoba fruwająca Ponad głowami ludzi, w których się troska błąka Jaskółka znak podniebny jak symbol nieuchwytna Zwabiona w chłód katedry przestroga i modlitwa. Stan Borys
33%
1.2 Tytuł piosenki Aleja Gwiazd
32%
10.1 Dorzucam drew, bo ogień zgasł, Ciągle burza trwa, Nagle feeria barw i mnóstwo świec, Ktoś na skrzypcach gra, Gotyckie odrzwia chylą się I skrzypiąc suną w bok I biała pani płynie z nich W brylantowej mgle. Budka Suflera
29%
1.1 Tik potem tak, luz potem blues, Ping, potem pong - zawsze razem. Zachód i wschód, dziad oraz mróz, Anioł i stróż idą w parze. Jabłko i grzech - tak musi być, Wojna i śmiech zaraz po niej. Zieleń i brąz, płomień i dym, Żebrak i król w koronie. Zdzisława Sośnicka
26%
2.2 Tytuł piosenki Papierowy Księżyc
25%
22.2 Tytuł piosenki Małe tęsknoty
24%
20.2 Tytuł piosenki Skóra
24%
17.1 Partyzanci Broz-Tity wyzwolili Jugosławię Bez pomocy Sowietów, awantura na zabawie Ci z sąsiedniej wsi zaczęli, myśmy skończyli Rambo 8 w telewizji – patrzcie moi mili Więc mam wyższe wykształcenie, chociaż studiów nie skończyłem Jak prezydent Kwaśniewski, Jaskiernia stróż prawości Okazało się, że pastor King nie był Murzynem Ani czarnym – on był Afroamerykaninem Kazik
23%
4.2 Tytuł piosenki Szklana Pogoda
23%
8.1 Na niebie błysnął biały nóż, To księżyc pełni straż. Czy nie znałam Cię w innym życiu już, Kiedyś hen, dawno tak? Pieniądze nie kupią mnie, Lecz oczu Twych blask! Wystarczy mi biały chleb, Dopłyńmy do dna! Urszula
23%
3.2 Tytuł piosenki Wymyśliłam Cię
23%
30.2 Tytuł piosenki Zabiorę cię właśnie tam
23%
2.1 Marzy mi się Jokohama, hotel z obłoków i szkła, jak mam zmienić fałsz i banał, życia, co byle jak trwa Schną na szybie ślady łez, ktoś z nas wyjść musi na plus, taki mały dramat, lecz wszystko w nim jasne jest już, wszystko w nim jasne jest już. Halina Frąckowiak
21%
4.1 Rygle, zamki zabezpieczą drzwi, Szklany judasz gości skontroluje. Noc nie straszna, kiedy kłódki trzy, Na złodzieja bracie narychtujesz! Windy szumią śpiewankę do snu, Sąsiad pacierz klepie na kolanach. Może jeszcze raz się uda znów, Przetrwać noc i doczołgać do rana! Lombard
21%
19.1 Co ci się stało, mój mały? Skąd taki nastrój dziś masz? Kiedy zaszły te zmiany? Gdzie się podział twój szpan? Gdzie twoje wieczne "odpuszczam"? Gdzie obojętność i chłód? Skąd wziąłeś ten, ten pomysł nienormalny skąd? Wanda i Banda
21%
9.2 Tytuł piosenki Zaopiekuj się mną
21%
17.2 Tytuł piosenki 12 groszy
20%
30.1 Dość mam już pustych dni I świąt, których nie było Między Nami jest coś, Nie zaprzeczaj mi. Tyle mogę Ci dać, Solą życia jest miłość. Boisz się wielkich słów, To nie wstyd. Kancelaria
20%
19.2 Tytuł piosenki Nie będę Julią
20%
28.1 Przyjaciel mój wyjeżdżał, mówi do mnie: masz tu klucze. Przez ten czas, jak mnie nie będzie możesz mieszkać z nią, u mnie. Wyjechał i nie było go przez tydzień, może dłużej. Nie zamieniłbym tych paru dni za żaden skarb, za nic. Oddział zamknięty
20%
15.1 A więc stało się i odchodzisz Tu są twoje książki i płyty Możesz zabrać co chcesz Najlepiej zabierz mnie Jestem lżejszy od fotografii Z których będziesz mnie teraz wycinać Będę milczał - i tak jestem martwy Republika
20%
20.1 Stoję na ulicy z nią, śmiechy wkoło nas Ktoś przechodzi trąca łokciem, pluje Małej w twarz Głośno mówię: Mała patrz, Cywilizowany świat! Potem mu przestawiam nos, upadł ale wstał Dookoła głosów sto - Ten w skórze to drań! Padam, dzisiaj byłem sam, Mała zanuć to co ja Aya RL
19%
10.2 Tytuł piosenki Jest taki samotny dom
17%
8.2 Tytuł piosenki Malinowy Król
17%
3.1 Dobrze wiem, co oznacza samotność, osobna noc, osobny dzień... Gdy samotność dokuczy zbyt mocno, niech dzieje się co chce, co chce! Wymyśliłam cię w gniewie na parę chwil, nauczyłam się ciebie - no cóż, to styl. Nie wierzyłam w to ani przez moment, byś imię miał, byś naprawdę się stał. Irena Jarocka
16%
9.1 Wokół mnie gorąco - bezpiecznie, Słońce topi serce - bajecznie. Uwielbiam cały świat - za dobre słowo, Ubóstwiam Ciebie tak - kolorową. (...) I prawie kochasz mnie I jesteś obok! Już nienawidzę Cię, Tak kolorową. Rezerwat
16%
7.1 Gdy ty i ja, cały świat jest dla nas gdy ty i ja Zapach łąk, plaży piach, nocy mrok światło dnia wszystko to, gdy ty i ja Wiem to, czuję, życie mnie nie mija Obok Ciebie ważna każda chwila Żyję znów, gdy jesteś tu W obłoku snów Piękny świat dziś znów ma sens Naprawdę jest to takie prostel Zbigniew Wodecki
15%
11.1 Ach gdyby znać zachmurzeń twoich plan Pod ręką wtedy mieć parasol, kalosze Może tak już dziś do Chmurki wysłać list Prywatne lekcje wziąć w końcu wiedzieć Bo przecież, Słońce to my, ciemne chmury to my Nagłe sztormy, letnie burze Suche wyże to my, mokre niże Taki deszcz, że ulewa aż śpiewa Anna Jurksztowicz
14%
21.1 Jak dzwon, który zaledwie tylko tknąć, a już śpiewa, Jak zabłąkanych ptaków głos. Jak liść, przez chwilę piękny, nim go wiatr strąci z drzewa, Tak w nas głęboko skryte śpią. Małe tęsknoty, krótkie tęsknoty, Znaczące prawie tyle, co nic. Nagłe i szybkie serca łopoty, Kto by nie znał ich. Krystyna Prońko
14%
11.2 Tytuł piosenki Stan Pogody
14%
25.1 Jeśli kogoś kochasz, jeśli wiesz Czym jest miłość, jaki jest jej sens Jeśli tylko szczęście widzieć chcesz Mów do mnie szeptem Co dalej jest? Co dalej jest... Chłopcy z placu broni
12%
18.1 Co się stało, śmieszna sprawa, coś takiego, co za numer! Coś takiego, to ciekawe, czary mary! Czary mary, czary mary, to ciekawe! To ciekawe, śmieszna sprawa, czary mary, czary mary! Co za numer! To ciekawe. Małgorzata Ostrowska
12%
18.2 Tytuł piosenki Meluzyna
12%
28.2 Tytuł piosenki Obudź się
12%
15.2 Tytuł piosenki Odchodząc
12%
7.2 Tytuł piosenki Z tobą chcę oglądać świat
10%
25.2 Tytuł piosenki Kocham cię
9%
26.1 To Ty zrobiłaś pierwszy gest To Ty wiedziałaś, czego chcę To Ty, jak nigdy nikt, to Ty To Ty tak mało miałaś lat To Ty stworzyłaś nowy ład To Ty, jak nigdy nikt, to Ty Universe
6%
26.2 Tytuł piosenki W perły zmienić deszcz
6%
29.1 Kto powie mi jak cofnąć film, Ożywić suche róże. Zamknięte drzwi. Kolejny łyk. O jeden błąd za dużo. Kawałek mnie oddałbym by cofnąć czas. Dlaczego nie ma, nie ma Ciebie,nie ma nas. Papa Dance
3%
24.1 Twoja córka nie jest taka całkiem doskonała Nigdy nią nie była, chociaż czasem sie starała (hahahahaha) Pamiętam jeszcze kiedyś, dawno w podstawówce Odbierala kabla pod ławką na klasówce Pokrótce opowiem panu o co tutaj biega Na przykład, córka twoja bardzo lubi na szweda Liroy
2%
24.2 Tytuł piosenki Twoja córka
2%
29.2 Tytuł piosenki Czarny śnieg
1%
27.2 Tytuł piosenki Jak lodu bryła
1%
27.1 Zamroziłaś swym uśmiechem Wkoło cały świat Tylko czasem cichym echem Rósł na szybie kwiat Tylko z Tobą taka zima I zimowy sen Noc polarna mi się śniła, śnieg Klincz
1%
23.2 Tytuł piosenki Zawsze z tobą chciałbym być
0%
Nie znaleziono quizów pasujących do podanych kryteriów
Rozkład punktacji
Procent ludzi z każdym wynikiem
Percentyl według liczby udzielonych odpowiedzi
Twoja historia wyników
Nie rozwiązałeś tego quizu